| 000 | 00782cab a2200253 4500 | ||
|---|---|---|---|
| 001 | WB3420-20 | ||
| 008 | 090401t1998 xxu||||| |||| 00| 0 eng d | ||
| 035 | _a(Sirsi) u86416 | ||
| 041 | _aeng | ||
| 245 | _aFarmers with pylons | ||
| 260 | _c1998 | ||
| 350 | _a0 | ||
| 490 |
_aFarmers' Weekly _v128(21) 22 May 1998, 12(1) |
||
| 520 | _aFarmers with pylons to be used by electricity companies to carry fibre-optic communications cables should receive higher payments, according to a farmer on the outskirts of London. | ||
| 650 | _aELECTRICITY COMPANIES | ||
| 650 | _aENERGIS | ||
| 650 | _aFIBRE OPTIC CABLES | ||
| 650 | _aPAYMENTS | ||
| 650 | _aPYLONS | ||
| 650 | _aWAYLEAVES | ||
| 690 | _aHIGHWAYS RIGHTS OF WAY AND EASEMENTS | ||
| 942 | _n0 | ||
| 948 | _c27/05/1998 | ||
| 999 |
_c54383 _d54383 |
||